000 00633nam a2200205 a 4500
001 14069
003 CO-ViMGA
008 141112s2004 ck r 000 u spa d
020 _a8449402409
040 _aCO-ViMGA
_bspa
_cCO-ViMGA
082 0 4 _aR539 E524
245 1 0 _aEnciclopedia audiovisual educativa fisica y quimica
260 _aBarcelona :
_bOceano Multimedia,
_c1997
300 _a2 V. + 2 VIDEOS
500 _aV.1 : Fisica. V.2 : Quimica. Incluye; 2 videos y libro guia.
590 _aForma de adquisición : COMPRA
650 1 4 _aFISICA - ENSEÑANZA
_916929
650 1 4 _aQUIMICA - ENSEÑANZA
_920561
942 _2ddc
_cBK
999 _c24770
_d24770